[Event "57th World Juniors 2018"]
[Site "Manavgat TUR"]
[Date "2018.09.07"]
[Round "3.7"]
[White "Sindarov, Javokhir"]
[Black "Tabatabaei, M.amin"]
[Result "1-0"]
[WhiteTitle "IM"]
[BlackTitle "GM"]
[WhiteElo "2484"]
[BlackElo "2576"]
[WhiteFideId "14205483"]
[BlackFideId "12521213"]
[EventDate "2018.09.05"]

1. e4 c5 2. Nc3 Nc6 3. Nf3 e6 4. d4 cxd4 5. Nxd4 Nf6 6. Nxc6 bxc6 7. e5 Nd5 8.
Ne4 Qc7 9. f4 Qb6 10. c4 Bb4+ 11. Ke2 f5 12. exf6 Nxf6 13. Be3 Qd8 14. Nd6+ Bxd6
15. Qxd6 Bb7 16. Rd1 Rc8 17. Qc5 d5 18. g3 Ne4 19. Qxa7 Qd7 20. Qd4 c5 21. Qxe4
dxe4 22. Rxd7 Kxd7 23. Bh3 g6 24. Rd1+ Ke7 25. b3 h5 26. Bf2 Rc7 27. Rd2 Rf8 28.
Be3 Rfc8 29. Bf1 Rd8 30. Rxd8 Kxd8 31. b4 Rd7 32. Bxc5 Rd3 33. b5 h4 34. gxh4
Bc8 35. Ke1 Rf3 36. Bd6 e3 37. Be2 Rh3 38. Be5 Bb7 39. f5 exf5 40. Bg3 Bg2 41.
c5 Bd5 42. Bf1 Rxg3 43. hxg3 Bxa2 44. Bd3 1-0

[Event "57th World Juniors 2018"]
[Site "Manavgat TUR"]
[Date "2018.09.07"]
[Round "3.8"]
[White "Harsha, Bharathakoti"]
[Black "Pichot, Alan"]
[Result "1-0"]
[WhiteTitle "IM"]
[BlackTitle "GM"]
[WhiteElo "2474"]
[BlackElo "2562"]
[WhiteFideId "5078776"]
[BlackFideId "110973"]
[EventDate "2018.09.05"]

1. c4 Nf6 2. Nc3 g6 3. e4 d6 4. d4 Bg7 5. f3 O-O 6. Be3 c6 7. Nge2 a6 8. c5 b5
9. cxb6 Nbd7 10. Nf4 Nxb6 11. Be2 d5 12. O-O Rb8 13. Rc1 Nfd7 14. e5 Nc4 15.
Bxc4 dxc4 16. Na4 Nb6 17. Nc5 Nd7 18. Nxd7 Bxd7 19. Rxc4 Rxb2 20. Qa1 Qb6 21.
Re1 Bf5 22. g4 Bb1 23. Rxc6 Qb4 24. Rcc1 Bc2 25. Re2 Qa3 26. Nd5 Rxa2 27. Qc3 e6
28. Qxa3 Rxa3 29. Ne7+ 1-0

[Event "57th World Juniors 2018"]
[Site "Manavgat TUR"]
[Date "2018.09.07"]
[Round "3.9"]
[White "Vavulin, Maksim"]
[Black "Sargsyan, Shant"]
[Result "1/2-1/2"]
[WhiteTitle "IM"]
[BlackTitle "IM"]
[WhiteElo "2559"]
[BlackElo "2477"]
[WhiteFideId "4169530"]
[BlackFideId "13306766"]
[EventDate "2018.09.05"]

1. e4 e5 2. Nf3 Nc6 3. d4 exd4 4. Nxd4 Bc5 5. Nb3 Bb6 6. Nc3 d6 7. Bb5 Nf6 8.
Bg5 h6 9. Bh4 O-O 10. O-O Ne5 11. Kh1 Ng6 12. Bg3 Bd7 13. a4 Bxb5 14. axb5 Re8
15. Ra4 Qd7 16. h3 a6 17. bxa6 Rxa6 18. Rxa6 bxa6 19. Qd3 Qe6 20. Nd2 Ba5 21. f3
Bxc3 22. Qxc3 d5 23. e5 Nh5 24. f4 d4 25. Qd3 Nxg3+ 26. Qxg3 Qf5 27. Qd3 Qxd3
28. cxd3 Ne7 29. Rc1 Nd5 30. g3 Rb8 31. b3 Kf8 32. Kg2 Ke7 33. Kf3 Nc3 34. Ra1
Rb6 35. Ra5 Kd7 36. Ne4 Nxe4 37. Kxe4 Rxb3 38. Rxa6 Rb1 39. Kxd4 Rh1 40. Ke4
Rxh3 41. Kf3 Rh1 42. d4 Rd1 43. Ke4 Rg1 44. Ra3 g6 45. Rc3 c6 46. Ra3 Re1+ 47.
Kd3 Rd1+ 48. Ke3 Re1+ 49. Kd3 Rd1+ 50. Ke4 1/2-1/2

[Event "57th World Juniors 2018"]
[Site "Manavgat TUR"]
[Date "2018.09.07"]
[Round "3.10"]
[White "Hakobyan, Aram"]
[Black "Gavrilescu, David"]
[Result "1-0"]
[WhiteTitle "GM"]
[BlackTitle "FM"]
[WhiteElo "2554"]
[BlackElo "2470"]
[WhiteFideId "13306677"]
[BlackFideId "1227190"]
[EventDate "2018.09.05"]

1. c4 e6 2. Nc3 d5 3. d4 Bb4 4. e3 Nf6 5. a3 Bxc3+ 6. bxc3 O-O 7. cxd5 exd5 8.
Bd3 Re8 9. Ne2 c5 10. O-O Nc6 11. Ng3 b6 12. Ra2 Bb7 13. f3 h5 14. Re2 g6 15.
Qe1 Qc8 16. Bb2 Ba6 17. Bxa6 Qxa6 18. e4 cxd4 19. cxd4 Qc4 20. Qd2 h4 21. Nf5
Re6 22. Ne3 Qb3 23. e5 Rae8 24. exf6 Rxe3 25. Bc1 Rxe2 26. Qh6 Rxg2+ 27. Kxg2
h3+ 28. Kg1 1-0

[Event "57th World Juniors 2018"]
[Site "Manavgat TUR"]
[Date "2018.09.07"]
[Round "3.11"]
[White "Kollars, Dmitrij"]
[Black "Makhnev, Denis"]
[Result "1/2-1/2"]
[WhiteTitle "GM"]
[BlackTitle "IM"]
[WhiteElo "2536"]
[BlackElo "2449"]
[WhiteFideId "12909572"]
[BlackFideId "13707647"]
[EventDate "2018.09.05"]

1. e4 e5 2. Nf3 Nc6 3. Bb5 Nf6 4. O-O Nxe4 5. Re1 Nd6 6. a4 Be7 7. Nc3 O-O 8. d4
Nxd4 9. Nxd4 exd4 10. Nd5 Re8 11. Bf4 Nxb5 12. axb5 d6 13. Qxd4 Be6 14. Nxe7+
Qxe7 15. Rxa7 Rxa7 16. Qxa7 b6 17. Bg3 Qd7 18. h3 h6 19. b3 Qxb5 20. Qxc7 Rc8
21. Qxd6 Rxc2 22. Be5 Qc5 23. Qd8+ Kh7 24. Qd3+ Kg8 25. Qg3 Qf8 26. Bc3 b5 27.
b4 Ra2 28. Re5 Bd7 29. Rd5 Be8 30. Rd6 Re2 31. Rxh6 Re6 32. Rxe6 fxe6 33. Qe5
Qf7 34. h4 Bc6 35. h5 Qd7 36. Bd4 Qe7 37. f3 Kh7 38. Kf2 Qf7 39. f4 Qe7 40. g3
Be8 41. Ke3 Qf6 42. Qb8 Qe7 43. Bc3 e5 44. Bxe5 Qf7 45. Qc8 Qxh5 46. g4 Qf7 47.
Kf2 Bd7 48. Qc7 Qa2+ 49. Kg3 Qd2 50. Qc3 Qxc3+ 51. Bxc3 g6 52. Bd4 Kg8 53. Bc3
Bc6 54. Bd4 Bd7 1/2-1/2

[Event "57th World Juniors 2018"]
[Site "Manavgat TUR"]
[Date "2018.09.07"]
[Round "3.12"]
[White "Christiansen, Johan-Sebastian"]
[Black "Percivaldi, Martin"]
[Result "1-0"]
[WhiteTitle "IM"]
[BlackTitle "IM"]
[WhiteElo "2525"]
[BlackElo "2376"]
[WhiteFideId "1512668"]
[BlackFideId "1508148"]
[EventDate "2018.09.05"]

1. e4 e5 2. Nf3 Nc6 3. Bc4 Nf6 4. d3 Be7 5. O-O O-O 6. Re1 d6 7. a4 Bg4 8. h3
Bh5 9. c3 h6 10. a5 a6 11. Nbd2 g5 12. Nf1 Qd7 13. Ng3 Bg6 14. Bb3 Rfd8 15. d4
Bf8 16. d5 Ne7 17. Nh2 Nh7 18. Be3 Bg7 19. c4 f5 20. exf5 Nxf5 21. Nxf5 Bxf5 22.
Nf1 Nf6 23. Ng3 Bg6 24. Bc2 Qf7 25. Qb1 Kh7 26. Ra3 c6 27. Bb6 Rd7 28. dxc6 bxc6
29. Rf3 Re8 30. Ne4 Re6 31. b4 Qe8 32. b5 cxb5 33. cxb5 axb5 34. Nxf6+ Bxf6 35.
Bxg6+ Qxg6 36. Qxb5 Qe8 37. a6 d5 38. a7 Rdd6 39. Qb1+ Kg7 40. Bc5 Rd8 41. Qb7+
Kg6 42. Ra3 Ra8 43. Rb1 e4 44. Ra6 Rxa6 45. Qxa6 Qc8 46. Qxc8 Rxc8 47. Rb8 Rxc5
48. Rg8+ 1-0

[Event "57th World Juniors 2018"]
[Site "Manavgat TUR"]
[Date "2018.09.07"]
[Round "3.13"]
[White "Can, Isik"]
[Black "Martirosyan, Haik M."]
[Result "1/2-1/2"]
[WhiteTitle "FM"]
[BlackTitle "GM"]
[WhiteElo "2361"]
[BlackElo "2597"]
[WhiteFideId "6383742"]
[BlackFideId "13306553"]
[EventDate "2018.09.05"]

1. e4 e5 2. Nf3 Nc6 3. Bb5 a6 4. Bxc6 dxc6 5. O-O Bd6 6. d4 exd4 7. Qxd4 f6 8.
Be3 Ne7 9. Nbd2 Be6 10. Qc3 Qd7 11. Nd4 O-O-O 12. Nc4 Bxc4 13. Qxc4 Ng6 14. f3
Ne5 15. Qe6 Qxe6 16. Nxe6 Rd7 17. b3 Re8 18. Nc5 Rf7 19. Rae1 b6 20. Nd3 Ng6 21.
Bf2 Kb7 22. Bg3 Bxg3 23. hxg3 c5 24. Kf2 h6 25. g4 a5 26. Rd1 Ne7 27. Nf4 Nc6
28. Rd2 a4 29. Rfd1 Ne5 30. Nd3 Nxd3+ 31. Rxd3 Ra8 32. f4 axb3 33. axb3 Ra2 34.
R1d2 Kc6 35. c4 Ra1 36. Rd1 1/2-1/2

[Event "57th World Juniors 2018"]
[Site "Manavgat TUR"]
[Date "2018.09.07"]
[Round "3.14"]
[White "Van Foreest, Jorden"]
[Black "Ozen, Deniz"]
[Result "1/2-1/2"]
[WhiteTitle "GM"]
[BlackTitle "FM"]
[WhiteElo "2624"]
[BlackElo "2431"]
[WhiteFideId "1039784"]
[BlackFideId "6349196"]
[EventDate "2018.09.05"]

1. e4 e5 2. Nf3 Nf6 3. Nxe5 d6 4. Nf3 Nxe4 5. d4 d5 6. Bd3 Nc6 7. O-O Be7 8. Re1
Bg4 9. c3 f5 10. Nbd2 O-O 11. Nf1 Bh4 12. g3 Bg5 13. Bxg5 Nxg5 14. Be2 Nh3+ 15.
Kg2 f4 16. Ng1 Bxe2 17. Qxe2 Ng5 18. Nd2 Qd7 19. h4 fxg3 20. fxg3 Nf7 21. Qe6
Qxe6 22. Rxe6 Rae8 23. Rae1 Nd6 24. Nh3 Rxe6 25. Rxe6 Nd8 26. Re7 Rf7 27. Re2
Rf6 28. Nf4 c6 29. Nf3 Ne4 30. Ng5 Nxg5 31. hxg5 Rf7 32. b3 g6 33. c4 dxc4 34.
bxc4 Kf8 35. d5 Re7 36. Rd2 Re5 37. Kf3 Nf7 38. dxc6 bxc6 39. Nh3 Rc5 40. Rb2
Rxc4 41. Rb8+ 1/2-1/2

[Event "57th World Juniors 2018"]
[Site "Manavgat TUR"]
[Date "2018.09.07"]
[Round "3.15"]
[White "Mohammad, Nubairshah Shaikh"]
[Black "Petrosyan, Manuel"]
[Result "1/2-1/2"]
[WhiteTitle "IM"]
[BlackTitle "GM"]
[WhiteElo "2443"]
[BlackElo "2581"]
[WhiteFideId "5053196"]
[BlackFideId "13300857"]
[EventDate "2018.09.05"]

1. d4 Nf6 2. c4 e6 3. Nc3 Bb4 4. Qc2 Nc6 5. Nf3 d6 6. Bd2 O-O 7. a3 Bxc3 8. Bxc3
Qe7 9. b4 e5 10. d5 Nb8 11. e3 Bg4 12. Be2 c6 13. dxc6 Nxc6 14. O-O Rac8 15.
Rfd1 Rfd8 16. Rac1 h6 17. h3 Bh5 18. b5 Nb8 19. Bb4 b6 20. a4 a5 21. Ba3 Qe6 22.
Qa2 Ne4 23. Ng5 hxg5 24. Bxh5 Nd7 25. Bg4 f5 26. Bf3 Ndf6 27. Qc2 g6 28. Bxe4
Nxe4 29. f3 Nf6 30. Qd3 Rd7 31. e4 Kf7 32. Rc2 Kg7 33. Bc1 fxe4 34. fxe4 g4 35.
h4 Rdc7 36. Bg5 Rxc4 37. Bxf6+ Kxf6 38. Qxd6 Qxd6 39. Rxd6+ Kg7 40. Rxc4 Rxc4
41. Kf2 Rxe4 42. Rxb6 Rxa4 43. Re6 e4 44. Ke3 Rb4 45. b6 g3 46. Re5 Rxb6 47.
Rxa5 Rb2 48. Kxe4 Rxg2 49. Kf3 Rg1 50. Rg5 Kf6 1/2-1/2

[Event "57th World Juniors 2018"]
[Site "Manavgat TUR"]
[Date "2018.09.07"]
[Round "3.16"]
[White "Liang, Awonder"]
[Black "Gokerkan, Cem Kaan"]
[Result "1-0"]
[WhiteTitle "GM"]
[BlackTitle "IM"]
[WhiteElo "2575"]
[BlackElo "2416"]
[WhiteFideId "2056437"]
[BlackFideId "6336760"]
[EventDate "2018.09.05"]

1. e4 c5 2. Nf3 d6 3. Bb5+ Nd7 4. Ba4 Nf6 5. O-O a6 6. c4 e5 7. Nc3 g6 8. a3 Bh6
9. b4 O-O 10. Rb1 Qc7 11. d3 Bxc1 12. Qxc1 Kg7 13. Nh4 cxb4 14. axb4 Qd8 15. Qg5
Nb8 16. Bd1 Ng4 17. Qxd8 Rxd8 18. Bxg4 Bxg4 19. f4 f6 20. Rb2 Be6 21. Rbf2 Nd7
22. f5 Bg8 23. fxg6 hxg6 24. Rf3 Bf7 25. Rg3 Kh7 26. Rh3 Kg7 27. Rg3 Kh7 28. Nd5
Bxd5 29. cxd5 Rg8 30. Rc1 Rac8 31. Rxc8 Rxc8 32. Rxg6 b6 33. Rg3 a5 34. bxa5
bxa5 35. Nf5 Rc1+ 36. Kf2 Nc5 37. Rg7+ Kh8 38. Ra7 Nxd3+ 39. Kf3 Ne1+ 40. Kf2
Nd3+ 41. Ke3 Nc5 42. Nxd6 a4 43. Kf3 Rf1+ 44. Kg4 Nxe4 45. Nxe4 f5+ 46. Kg5 fxe4
47. Rxa4 Rf2 48. d6 Rxg2+ 49. Kf6 Rd2 50. Ke7 Kg7 51. d7 Kg6 52. Rxe4 Kf5 53.
Re1 1-0

[Event "57th World Juniors 2018"]
[Site "Manavgat TUR"]
[Date "2018.09.07"]
[Round "3.17"]
[White "Muradli, Mahammad"]
[Black "Narayanan, S.L."]
[Result "0-1"]
[WhiteTitle "IM"]
[BlackTitle "GM"]
[WhiteElo "2407"]
[BlackElo "2573"]
[WhiteFideId "13409301"]
[BlackFideId "5058422"]
[EventDate "2018.09.05"]

1. d4 Nf6 2. c4 e6 3. Nf3 d5 4. Nc3 Be7 5. Bf4 O-O 6. e3 Nbd7 7. Qc2 c5 8. Rd1
cxd4 9. Rxd4 Qa5 10. Bg3 a6 11. Nd2 b5 12. Nb3 Qb6 13. cxd5 exd5 14. a4 b4 15.
Na2 Ne4 16. a5 Qb7 17. Bf4 Ndc5 18. f3 Nxb3 19. Qxb3 Nf6 20. Bd3 Be6 21. Kd2
Rfc8 22. Rxb4 Bxb4+ 23. Qxb4 Qd7 24. Nc3 Bf5 25. Qd6 Bxd3 26. Qxd7 Nxd7 27. Kxd3
Nc5+ 28. Kc2 Ne6 29. Bd6 Rc6 30. Ba3 d4 31. exd4 Nxd4+ 32. Kb1 h5 33. Rd1 Ne6
34. g4 hxg4 35. fxg4 Rc4 36. h3 Rd8 37. Nd5 Kh8 38. Ka2 Nc7 39. Nxc7 Rxd1 40.
Nxa6 Ra4 41. Nc5 Rxa5 42. b4 Ra8 43. Kb3 Rb1+ 44. Bb2 Rb8 45. Nd3 f6 0-1

[Event "57th World Juniors 2018"]
[Site "Manavgat TUR"]
[Date "2018.09.07"]
[Round "3.18"]
[White "Martinez Alcantara, Jose Eduardo"]
[Black "Zou, Chen"]
[Result "0-1"]
[WhiteTitle "GM"]
[BlackTitle "FM"]
[WhiteElo "2565"]
[BlackElo "2365"]
[WhiteFideId "3805662"]
[BlackFideId "8610959"]
[EventDate "2018.09.05"]

1. e4 c5 2. Nf3 d6 3. d4 cxd4 4. Nxd4 Nf6 5. Nc3 a6 6. f3 e5 7. Nb3 Be6 8. Be3
h5 9. Qd2 Nbd7 10. O-O-O Be7 11. Kb1 b5 12. a3 Rc8 13. h4 Nb6 14. Bg5 Qc7 15.
Bxf6 gxf6 16. Na5 f5 17. g3 Rg8 18. Bh3 fxe4 19. Bxe6 fxe6 20. Nxe4 d5 21. Ng5
Qd6 22. f4 Na4 23. Nb3 exf4 24. gxf4 Bf6 25. Nd4 Rc4 26. c3 Nxc3+ 27. bxc3 Bxd4
28. Qe2 Bxc3 29. Rh3 Kd7 30. f5 exf5 31. Qxh5 Qxa3 32. Qf7+ Kc6 33. Qxd5+ Kb6
34. Qd6+ Qxd6 35. Rxd6+ Ka5 36. Rd5 Rgc8 37. Rxf5 Bh8 38. Rf2 Rb4+ 39. Ka2 Rc1
40. Ra3+ Kb6 0-1

[Event "57th World Juniors 2018"]
[Site "Manavgat TUR"]
[Date "2018.09.07"]
[Round "3.19"]
[White "Garayev, Kanan"]
[Black "Lomasov, Semyon"]
[Result "1/2-1/2"]
[WhiteTitle "FM"]
[BlackTitle "IM"]
[WhiteElo "2404"]
[BlackElo "2545"]
[WhiteFideId "13406671"]
[BlackFideId "24164879"]
[EventDate "2018.09.05"]

1. d4 e6 2. c4 b6 3. Nf3 Bb7 4. g3 Bb4+ 5. Bd2 Bxf3 6. exf3 Bxd2+ 7. Qxd2 d5 8.
Nc3 Ne7 9. cxd5 Nxd5 10. Bg2 Nc6 11. O-O O-O 12. Nxd5 Qxd5 13. f4 Qd6 14. Bxc6
Qxc6 15. Rac1 Qd6 16. Rc4 Rfd8 17. Qe3 Rac8 18. Rfc1 g6 19. Rc6 Qxd4 20. Qxd4
Rxd4 21. Rxc7 Rd1+ 22. Rxd1 Rxc7 23. Rd2 Kf8 24. Kg2 Ke7 25. Kf3 h5 26. h4 Rc5
27. Ke3 Rc1 28. Rd3 Re1+ 29. Kf3 Rb1 30. Ra3 Rxb2 31. Rxa7+ Kf6 32. Ke4 1/2-1/2

[Event "57th World Juniors 2018"]
[Site "Manavgat TUR"]
[Date "2018.09.07"]
[Round "3.20"]
[White "Gorshtein, Ido"]
[Black "Puranik, Abhimanyu"]
[Result "0-1"]
[WhiteTitle "FM"]
[BlackTitle "GM"]
[WhiteElo "2383"]
[BlackElo "2524"]
[WhiteFideId "2815532"]
[BlackFideId "5061245"]
[EventDate "2018.09.05"]

1. e4 e5 2. Nf3 Nc6 3. Bb5 a6 4. Ba4 Nf6 5. d3 Bc5 6. Be3 Bxe3 7. fxe3 d6 8. c3
O-O 9. O-O b5 10. Bc2 Ne7 11. Nbd2 c5 12. Qe1 Ng6 13. Nh4 Nxe4 14. Nxe4 Qxh4 15.
Qxh4 Nxh4 16. Nxd6 Be6 17. a4 b4 18. g3 Ng6 19. Ne4 Rac8 20. Ng5 Bd5 21. e4 h6
22. exd5 hxg5 23. a5 Rfd8 24. Bb3 Kf8 25. cxb4 cxb4 26. Ra4 Rb8 27. Rc1 Ne7 28.
Rc5 Rd6 29. Bc4 Rb7 30. Kf2 g6 31. g4 Kg7 32. Kf3 f5 33. h3 Kf6 34. Ke3 Rb8 35.
Rc7 Nxd5+ 36. Bxd5 Rxd5 37. Rc6+ Kg7 38. Rxa6 f4+ 39. Ke2 Rbd8 40. Rxb4 Rxd3 41.
Re4 Rd1 42. Ra7+ Kh6 43. Kf2 R8d2+ 44. Re2 e4 45. Rxd2 e3+ 46. Kf3 Rxd2 47. Re7
Rf2+ 48. Ke4 e2 0-1

[Event "57th World Juniors 2018"]
[Site "Manavgat TUR"]
[Date "2018.09.07"]
[Round "3.21"]
[White "Santos Ruiz, Miguel"]
[Black "Baenziger, Fabian"]
[Result "1-0"]
[WhiteTitle "GM"]
[BlackTitle "IM"]
[WhiteElo "2524"]
[BlackElo "2360"]
[WhiteFideId "22291482"]
[BlackFideId "1330110"]
[EventDate "2018.09.05"]

1. e4 c6 2. d4 d5 3. exd5 cxd5 4. Bd3 Nc6 5. c3 Nf6 6. Bf4 Bg4 7. Qb3 Qc8 8. Nd2
e6 9. Ngf3 Be7 10. O-O O-O 11. Qc2 Bh5 12. Ne5 Bd6 13. Rae1 Qc7 14. Re3 Rfc8 15.
Qb1 Bg6 16. Nxg6 hxg6 17. Bxd6 Qxd6 18. Rfe1 a6 19. a4 Nd7 20. Qd1 Ne7 21. Rh3
Nf6 22. Nf3 b5 23. Ne5 Kf8 24. Qf3 Neg8 25. g4 g5 26. Rh8 Ke7 27. Rh7 Nh6 28.
Rxg7 Rg8 29. Ng6+ 1-0

[Event "57th World Juniors 2018"]
[Site "Manavgat TUR"]
[Date "2018.09.07"]
[Round "3.22"]
[White "Yakubboev, Nodirbek"]
[Black "Kalogeris, Ioannis"]
[Result "1-0"]
[WhiteTitle "IM"]
[WhiteElo "2521"]
[BlackElo "2352"]
[WhiteFideId "14203987"]
[BlackFideId "4239563"]
[EventDate "2018.09.05"]

1. e4 c5 2. Nc3 e6 3. f4 d5 4. Nf3 d4 5. Ne2 f5 6. Ng3 Nf6 7. Bc4 fxe4 8. Ng5
Nc6 9. O-O Na5 10. Bxe6 Bxe6 11. Nxe6 Qd7 12. Ng5 O-O-O 13. N5xe4 d3 14. c3 h5
15. b3 h4 16. Nxf6 gxf6 17. Ne4 f5 18. Ng5 Bh6 19. Ba3 b6 20. Qf3 Kb8 21. Rae1
Rhe8 22. Qh5 Bxg5 23. fxg5 Nb7 24. Qxh4 Re2 25. Bc1 Rde8 26. Rxe2 Rxe2 27. g6
Re4 28. Qg3+ Qd6 29. Qg5 Rg4 30. Qxg4 1-0

[Event "57th World Juniors 2018"]
[Site "Manavgat TUR"]
[Date "2018.09.07"]
[Round "3.23"]
[White "Lorparizangeneh, Shahin"]
[Black "Schitco, Ivan"]
[Result "1-0"]
[WhiteTitle "GM"]
[BlackTitle "FM"]
[WhiteElo "2491"]
[BlackElo "2358"]
[WhiteFideId "12521604"]
[BlackFideId "13905465"]
[EventDate "2018.09.05"]

1. e4 c6 2. Nf3 d5 3. exd5 cxd5 4. Ne5 Nc6 5. d4 Bd7 6. c3 e6 7. Bd3 Qc7 8. f4
g6 9. O-O f6 10. Nxd7 Qxd7 11. Nd2 Bd6 12. Nf3 Nge7 13. Qe2 O-O 14. Re1 Kf7 15.
Bd2 Rae8 16. Qf2 Kg8 17. Re2 Bb8 18. Rae1 Nf5 19. c4 Kh8 20. c5 Ng7 21. b4 a6
22. a4 Na7 23. Ra1 Kg8 24. Qe1 Rf7 25. Ra3 Qe7 26. Rb3 Nf5 27. b5 axb5 28. axb5
Qd7 29. Qa1 b6 30. c6 Qc7 31. Qe1 Rfe7 32. Bb4 Nd6 33. Ra3 Naxb5 34. Bxb5 Nxb5
35. Bxe7 Qxe7 36. Rb3 Nd6 37. Rxb6 Bc7 38. Rb1 Ne4 39. Qb4 Bd6 40. Qa5 Bc7 41.
Qe1 Qd6 42. Qc1 Ra8 43. Rb3 Ra4 44. Rc2 g5 45. fxg5 fxg5 46. g3 h6 47. Qd1 Qf8
48. Rb7 g4 49. Ne5 Bxe5 50. dxe5 Ng5 51. c7 Ra1 52. Rb8 Rxd1+ 53. Kg2 Nh3 54.
Rxf8+ Kg7 55. Rf1 1-0

[Event "57th World Juniors 2018"]
[Site "Manavgat TUR"]
[Date "2018.09.07"]
[Round "3.24"]
[White "Nikitenko, Mihail"]
[Black "Kevlishvili, Robby"]
[Result "0-1"]
[WhiteTitle "IM"]
[BlackTitle "IM"]
[WhiteElo "2368"]
[BlackElo "2485"]
[WhiteFideId "13506862"]
[BlackFideId "1040634"]
[EventDate "2018.09.05"]

1. Nf3 d5 2. d4 Nf6 3. g3 g6 4. Bg2 Bg7 5. O-O Nbd7 6. a4 a5 7. Nbd2 O-O 8. c4
c6 9. cxd5 Nxd5 10. Nc4 N5b6 11. Qb3 Nxc4 12. Qxc4 e5 13. e3 exd4 14. exd4 Nb6
15. Qc5 Nd5 16. Bd2 Bg4 17. Ne5 Be6 18. Rac1 Re8 19. h4 Bf8 20. Qc2 Nb4 21. Bxb4
axb4 22. Rfd1 Qa5 23. b3 Rad8 24. h5 Bg7 25. hxg6 hxg6 26. Re1 Bf6 27. Rcd1 Kg7
28. Nc4 Qa7 29. d5 cxd5 30. Rxd5 Bxd5 31. Rxe8 Rxe8 32. Bxd5 Qd4 33. Bxb7 Qa1+
34. Kg2 Rh8 0-1

[Event "57th World Juniors 2018"]
[Site "Manavgat TUR"]
[Date "2018.09.07"]
[Round "3.25"]
[White "Philippe, Guillaume"]
[Black "Lodici, Lorenzo"]
[Result "0-1"]
[WhiteTitle "FM"]
[BlackTitle "IM"]
[WhiteElo "2358"]
[BlackElo "2458"]
[WhiteFideId "36048763"]
[BlackFideId "884189"]
[EventDate "2018.09.05"]

1. Nf3 d5 2. e3 Nf6 3. c4 e6 4. b3 Bd6 5. Bb2 b6 6. g3 dxc4 7. bxc4 Bb7 8. Bg2
c5 9. O-O O-O 10. Nc3 Nc6 11. Rc1 Qe7 12. Qe2 Rad8 13. Rfd1 Rfe8 14. Nb5 Bb8 15.
d4 a6 16. Nc3 cxd4 17. exd4 Rc8 18. Na4 Ba7 19. c5 b5 20. Nc3 Red8 21. Qe1 Bb8
22. Rc2 Nb4 23. Re2 Nbd5 24. Ne5 Nxc3 25. Bxc3 Bxg2 26. Kxg2 Qb7+ 27. Kg1 Bxe5
28. Rxe5 Nd5 29. Ba5 Rd7 30. a3 Ne7 31. Bc3 Rd5 32. Rd2 Rcd8 33. Qe4 Nc6 34.
Rxd5 Rxd5 35. Rb2 h6 36. Qe3 Qd7 37. Rd2 a5 38. Rb2 Nxd4 39. Bxa5 Re5 40. c6
Nxc6 41. Qf3 Rf5 42. Qc3 Qd5 43. Rd2 Qe4 44. Bb4 Ne5 45. Rd8+ Kh7 46. f4 Nf3+ 0-1

[Event "57th World Juniors 2018"]
[Site "Manavgat TUR"]
[Date "2018.09.07"]
[Round "3.26"]
[White "Amartuvshin, Ganzorig"]
[Black "Batsuren, Dambasuren"]
[Result "1/2-1/2"]
[WhiteTitle "FM"]
[BlackTitle "IM"]
[WhiteElo "2280"]
[BlackElo "2446"]
[WhiteFideId "4902548"]
[BlackFideId "4902920"]
[EventDate "2018.09.05"]

1. c4 Nf6 2. d4 e6 3. Nf3 b6 4. g3 Bb7 5. Bg2 Be7 6. O-O O-O 7. Re1 d5 8. cxd5
exd5 9. Nc3 Nbd7 10. Ne5 c5 11. Bg5 h6 12. Nxd7 Qxd7 13. Bxf6 Bxf6 14. dxc5 Bxc3
15. bxc3 bxc5 16. Rb1 Bc6 17. Qd3 Rab8 18. h4 Rfd8 19. Rxb8 Rxb8 20. Rb1 Rxb1+
21. Qxb1 Bb5 22. Bxd5 Qxd5 23. Qxb5 Qxa2 24. Qe8+ Kh7 25. Qe4+ Kg8 26. c4 a5 27.
Qe8+ Kh7 28. Qe4+ Kg8 29. Qe8+ Kh7 30. Qe4+ Kg8 31. Qe8+ 1/2-1/2

[Event "57th World Juniors 2018"]
[Site "Manavgat TUR"]
[Date "2018.09.07"]
[Round "3.27"]
[White "Esipenko, Andrey"]
[Black "Zrikem, Nassim"]
[Result "1-0"]
[WhiteTitle "GM"]
[BlackTitle "CM"]
[WhiteElo "2593"]
[BlackElo "2066"]
[WhiteFideId "24175439"]
[BlackFideId "9002693"]
[EventDate "2018.09.05"]

1. d4 Nf6 2. Nf3 e6 3. c4 d5 4. Nc3 Be7 5. g3 O-O 6. Bg2 c6 7. O-O b6 8. Ne5
Nfd7 9. cxd5 exd5 10. Nxd5 Nxe5 11. dxe5 Bb7 12. Nc3 Nd7 13. f4 Qc7 14. Be3 Rad8
15. Qc2 c5 16. Bxb7 Qxb7 17. Rad1 Nb8 18. Bf2 Nc6 19. Qe4 Qc8 20. Nd5 f5 21. Qc4
Kh8 22. e4 g6 23. exf5 gxf5 24. Be3 Rd7 25. Rd3 Rfd8 26. Rfd1 Qb7 27. Nf6 Bxf6
28. exf6 Rxd3 29. Rxd3 Rxd3 30. Qxd3 Qf7 31. Qxf5 Qe8 32. Kf2 1-0

[Event "57th World Juniors 2018"]
[Site "Manavgat TUR"]
[Date "2018.09.07"]
[Round "3.28"]
[White "Nastase, Robert-Paul"]
[Black "Bai, Jinshi"]
[Result "0-1"]
[WhiteTitle "FM"]
[BlackTitle "GM"]
[WhiteElo "2313"]
[BlackElo "2556"]
[WhiteFideId "1221175"]
[BlackFideId "8602280"]
[EventDate "2018.09.05"]

1. e4 c6 2. d4 d5 3. e5 c5 4. dxc5 e6 5. a3 Bxc5 6. b4 Bb6 7. Nf3 a5 8. Bb2 axb4
9. axb4 Rxa1 10. Bxa1 Na6 11. Bc3 Ne7 12. Bd3 d4 13. Bxa6 bxa6 14. Bxd4 Bb7 15.
Bxb6 Qxb6 16. c3 O-O 17. O-O Rd8 18. Qe2 Nd5 19. Rd1 Rc8 20. Qd2 h6 21. Nd4 Qc7
22. f4 Nxc3 23. Rc1 Nxb1 24. Rxc7 Nxd2 25. Rxb7 Ne4 26. g3 Rc4 27. Nb3 g5 28.
Na5 Rc1+ 29. Kg2 g4 30. Rb6 Rc2+ 31. Kg1 Rc1+ 32. Kg2 Rc2+ 33. Kg1 Nd2 34. Rxa6
Nf3+ 35. Kf1 h5 36. b5 h4 37. b6 Nxh2+ 38. Ke1 Nf3+ 39. Kd1 Rd2+ 40. Kc1 h3 0-1